Valoración económica detallada de las áreas protegidas de Chile
Gespeichert in:
| Körperschaften: | , |
|---|---|
| Format: | Buch |
| Sprache: | Spanisch |
| Veröffentlicht: |
Santiago
Ministerio del Medio Ambiente
2010
|
| Schlagworte: | |
| Tags: |
Tag hinzufügen
Keine Tags, Fügen Sie den ersten Tag hinzu!
|
MARC
| LEADER | 00000cam a2200000 a 4500 | ||
|---|---|---|---|
| 001 | UCG8413 | ||
| 003 | CL-VaPUC | ||
| 008 | 111212e20100000CL |||||||||||||||||spa|d | ||
| 020 | |a 9789567469277 | ||
| 082 | 0 | 4 | |a 363.7 |b MIN |2 21 |
| 110 | 2 | |a Ministerio del Medio Ambiente |e author |9 559435 | |
| 710 | 2 | |a PNUD |e author |9 559436 | |
| 245 | 1 | 0 | |a Valoración económica detallada de las áreas protegidas de Chile |
| 300 | |a 232 p | ||
| 942 | |c BK | ||
| 945 | |d 20111212 00:00:00 |a cmena | ||
| 260 | |a Santiago |b Ministerio del Medio Ambiente |c 2010 | ||
| 500 | |a Proyecto GEF-MMA-PNUD: Creación de un Sistema Nacional Integral de Areas Protegidas para Chile | ||
| 650 | 0 | |a Medio ambiente |9 257625 | |
| 650 | 0 | |a Áreas protegidas |9 548645 | |
| 650 | 0 | |a Protección del medio ambiente |9 257626 | |
| 650 | 0 | |a Valor económico |9 352307 | |
| 650 | 0 | |a Biodiversidad |9 385995 | |
| 650 | 0 | |a Proyectos de inversión |9 261065 | |
| 651 | 7 | |a CHILE |2 CL-VaPUC |9 559437 | |
| 583 | |a last modification |c 20111212 13:13:00 |k Rodrigo Vera | ||
| 999 | |c 346023 |d 346021 | ||
| 952 | |0 0 |1 0 |4 0 |6 363_700000000000000_MIN_2010 |7 0 |8 A |9 446473 |a BIBING |b BIBING |d 2019-11-22 |i 4812360 |o 363.7 MIN 2010 |p 4812360 |r 2025-01-20 |w 2019-11-22 |y BK |k GEO | ||